000 00284nam a22001217a 4500
008 171010b xxu||||| |||| 00| 0 eng d
041 _aeng
080 _a316
100 _a50
101 _aSOC
245 _aSEX, RACE, AND THE ROLE OF WOMEN IN THE SOUTH
_cHAWKS,J,V
942 _2udc
_cBK
999 _c32962
_d32962